00545nam a22002057a 450000500170000001000110001702000100002803500110003803700160004904000120006508200160007710000200009324500390011326000360015227000290018830000210021750000500023865000320028865000190032020170124110038.0 a564167 c00.00 a564167 bCen Lib/Ret aDPLbEN a881.08bHIL aHill, Donald L. aRichard Wilbur /cby Donald L.Hill aBombaybPopular Prakashanc1967 a35C, Tardeo RoadbBombay a192p. c20cm(Hb) aIncludes bibliographical references and index aThe poems of Richard Wilbur aRichard Wilbur